| 000 | 00370nam a22001577a 4500 | ||
|---|---|---|---|
| 003 | MACL | ||
| 005 | 20151128132734.0 | ||
| 008 | 151128b xxu||||| |||| 00| 0 eng d | ||
| 040 | _cMACL | ||
| 041 | _aEnglish | ||
| 082 | _a300/MAT | ||
| 100 |
_aMathur,Kuldeep _918528 |
||
| 245 | _aFrom Government to Governance | ||
| 650 |
_aSocial Science _918529 |
||
| 942 |
_2ddc _cBK |
||
| 999 |
_c51267 _d51267 |
||